| 000 | 00000nam 2200000zi 4500 |
| 001 | 9.954104 |
| 003 | CaOODSP |
| 005 | 20250814132813 |
| 006 | m o d f |
| 007 | cr mn |||||||| |
| 008 | 250814e20171115onc obs f000 0 fre d |
| 040 | |aCaOODSP|bfre|erda|cCaOODSP |
| 043 | |an-cn--- |
| 086 | 1 |aCS82-003/2017-11-2F-PDF |
| 100 | 1 |aSheppard, Amanda J., |eauteur. |
| 245 | 10|aIssues des grossesses chez les Premières Nations, les Inuits et les Métis / |cpar Amanda J. Sheppard, Gabriel D. Shapiro, Tracey Bushnik, Russell Wilkins, Serenity Perry, Jay S. Kaufman, Michael S. Kramer et Seungmi Yang. |
| 264 | 1|a[Ottawa] : |bStatistique Canada = Statistics Canada, |cle 15 novembre 2017. |
| 264 | 4|c©2017 |
| 300 | |a1 ressource en ligne (pages 12-18). |
| 336 | |atexte|btxt|2rdacontent/fre |
| 337 | |ainformatique|bc|2rdamedia/fre |
| 338 | |aressource en ligne|bcr|2rdacarrier/fre |
| 490 | 1 |aRapports sur la santé, |x1209-1375 ; |vvol. 28, no. 11, [2] |
| 500 | |aTitre de la couverture. |
| 500 | |aPublié aussi en anglais sous le titre : Birth outcomes among First Nations, Inuit and Métis populations. |
| 504 | |aComprend des références bibliographiques (pages 17-18). |
| 520 | 3 |a« Les Premières Nations, les Inuits et les Métis ont un risque supérieur d’issues défavorables des grossesses par rapport aux non-Autochtones. Cependant, il existe relativement peu de renseignements périnataux à l’échelle nationale pour les peuples autochtones en général ou des groupes d’identité particuliers » -- Résumé, page 12. |
| 650 | 6|aNourrissons|xMortalité|zCanada|vStatistiques. |
| 650 | 6|aPrématurés|zCanada|vStatistiques. |
| 650 | 6|aEnfants autochtones|xSanté et hygiène|zCanada|vStatistiques. |
| 655 | 7|aStatistiques|2rvmgf |
| 710 | 2 |aStatistique Canada, |eorganisme de publication. |
| 775 | 08|tBirth outcomes among First Nations, Inuit and Métis populations / |w(CaOODSP)9.954097 |
| 830 | #0|aRapports sur la santé (Collection)|x1209-1375 ; |vvol. 28, no. 11, [2].|w(CaOODSP)9.950257 |
| 856 | 40|qPDF|s370 Ko|uhttps://publications.gc.ca/collections/collection_2025/statcan/82-003-x/CS82-003-2017-11-2-fra.pdf |
| 856 | 4 |qHTML|sS.O.|uhttps://www150.statcan.gc.ca/n1/pub/82-003-x/2017011/article/54886-fra.htm |